000
00310nam a22001217a 4500
008
230621b xxu||||| |||| 00| 0 eng d
082
_a
327.17
_b
DAH 1983
100
_c
Julie Dahlitz
245
_a
Nuclear Arms Control
260
_a
Australia
_b
McPhee Gribble Publishers
_c
1983
300
_a
238p
942
_2
ddc
_c
BK
999
_c
1995
_d
1995